书目信息 |
| 题名: |
逻辑代数
|
|
| 作者: | ;温州师专函授部 编 | |
| 分册: | ||
| 出版信息: | 温州 不详 1981 |
|
| 页数: | 262页 | |
| 开本: | 19cm | |
| 丛书名: | ||
| 单 册: | ||
| 中图分类: | O153.2 , O141 | |
| 科图分类: | ||
| 主题词: | 布尔代数 , 数学基础 , 数理逻辑 | |
| 电子资源: | ||
| ISBN: | ||
| 000 | 00650nam0 2200253 45 | |
| 001 | 0180004946 | |
| 005 | 20060818163426.62 | |
| 010 | @dCNY1.00 | |
| 100 | @a19950523d1981 em y0chiy0121 ea | |
| 101 | 0 | @achi |
| 102 | @aCN@b620000 | |
| 105 | @ay z 000yy | |
| 200 | 10 | @a逻辑代数@Aluo ji dai shu@f温州师专函授部编@FWen Zhou Shi Zhuan Han Shou Bu Bian |
| 210 | @a温州@c不详@d1981 | |
| 215 | @a262页@d19cm | |
| 606 | @a布尔代数 | |
| 606 | 0 | @a数学基础 |
| 606 | 0 | @a数理逻辑 |
| 690 | @aO153.2@v3 | |
| 690 | @aO141@v3 | |
| 711 | 02 | @a温州师专函授部@4编 |
| 801 | 2 | @aCN@bNLC@c20060818 |
| 801 | 0 | @aCN@b上海图书馆@c20040512 |
| 905 | @dO141@e10 | |
| 逻辑代数/温州师专函授部编.-温州:不详,1981 |
| 262页;19cm |
| ISBN :CNY1.00 |
| ● |
| 相关链接 |
|
|
|
|
正题名:逻辑代数
索取号:O141/10
 
预约/预借
| 序号 | 登录号 | 条形码 | 馆藏地/架位号 | 状态 | 备注 |
| 1 | 0095767 | 000408874 | 第二样本阅览室/ [索取号:O141/10] | 在馆 | |
| 2 | 0468729 | 204687295 | 密集书库/ [索取号:O141/10] | 在馆 |